Những vấn đề mới về các tội xâm phạm quyền tự do dân chủ của công dân /

Saved in:
Bibliographic Details
Main Author: Đỗ Đức Hồng Hà.
Format: Article
Language:Vietnamese
Subjects:
Tags: Add Tag
No Tags, Be the first to tag this record!
Institutions: Thư viện Trường Đại học Đà Lạt
LEADER 00823nam a2200277 4500
001 DLU090076846
005 ##20090619
040 # # |a DLU  |b vie 
041 # # |a vie 
044 # # |a vn 
100 # # |a Đỗ Đức Hồng Hà. 
245 # # |a Những vấn đề mới về các tội xâm phạm quyền tự do dân chủ của công dân /  |c Đỗ Đức Hồng Hà. 
653 # # |a Công dân 
653 # # |a Luật hình sự 
653 # # |a Quyền dân chủ 
653 # # |a Quyền tự do 
773 # # |t Luật học  |g Số 3, 2001, tr. 13-17 
920 # # |a Phòng Tạp chí -- Trung tâm Thông tin - Thư viện Trường Đại học Đà Lạt 
994 # # |a DLU 
900 # # |a True 
911 # # |a Nguyễn Thị Mai Anh 
925 # # |a G 
926 # # |a A 
927 # # |a BB 
980 # # |a Thư viện Trường Đại học Đà Lạt